[Event "Isolated Queens Internet op 2nd"]
[Site "Chess.com INT"]
[Date "2020.05.02"]
[Round "3"]
[White "Navrotescu, Andreea Cristiana"]
[Black "Morea, Georgiana Steluta"]
[Result "1-0"]
[WhiteElo "2284"]
[BlackElo "1891"]
[PlyCount "119"]
[EventDate "2020.05.02"]
[EventType "swiss"]
[EventRounds "10"]
[EventCountry "USA"]
[SourceTitle "CBM 195 Extra"]
[Source "ChessBase"]
[SourceDate "2020.05.31"]
[SourceVersion "1"]
[SourceVersionDate "2020.05.31"]
[SourceQuality "1"]

1. d4 Nf6 2. c4 d6 3. Nc3 g6 4. e4 Bg7 5. Nge2 0-0 6. Ng3 e5 7. d5 a6 8. Be2 Nbd7 9. h4 h5 10. Bg5 Qe8 11. 0-0 Nh7 12. Be3 Nc5 13. b4 Nd7 14. c5 Nhf6 15. f3 Qe7 16. Qd2 dxc5 17. bxc5 Nxc5 18. Rac1 b6 19. Bxc5 bxc5 20. Na4 Nh7 21. Nxc5 Qxh4 22. Nh1 Ng5 23. Qe1 Qf4 24. Qf2 Qf6 25. Nd3 Qd6 26. Rc6 Qd7 27. Rfc1 Qd8 28. Rxc7 Bd7 29. Qe3 Bh6 30. Kf1 Kg7 31. Qc5 Bb5 32. Nxe5 Bxe2+ 33. Kxe2 Nxf3 34. gxf3 Bxc1 35. Qxc1 Qh4 36. Nf2 Kg8 37. Qc3 Qg3 38. Nd7 Rfe8 39. Nf6+ Kf8 40. Nxh5 gxh5 41. Qh8+ Qg8 42. Qxh5 Qg7 43. Qf5 Rab8 44. Nd3 Qg2+ 45. Ke3 Qg1+ 46. Kd2 Qg2+ 47. Kc3 Qg7+ 48. e5 Qg6 49. Qxg6 fxg6 50. d6 Rbc8 51. Rxc8 Rxc8+ 52. Kd4 Ke8 53. e6 Rc1 54. Ne5 Rd1+ 55. Kc5 Kd8 56. d7 Re1 57. Nf7+ Ke7 58. d8Q+ Kxe6 59. Qe8+ Kf5 60. Qxe1 1-0

[Event "ROM-ch U20 Girls"]
[Site "Calimanesti"]
[Date "2015.04.03"]
[Round "6"]
[White "Serbanescu, Diana Maria"]
[Black "Morea, Georgiana Steluta"]
[Result "1-0"]
[WhiteElo "2013"]
[BlackElo "1878"]
[PlyCount "149"]
[EventDate "2015.03.30"]
[EventType "tourn"]
[EventRounds "10"]
[EventCountry "ROU"]
[SourceTitle "CBM 165 Extra"]
[Source "ChessBase"]
[SourceDate "2015.04.21"]
[SourceVersion "1"]
[SourceVersionDate "2015.04.21"]
[SourceQuality "1"]

1. e4 c5 2. c3 e6 3. d4 d5 4. e5 Nc6 5. Nf3 Bd7 6. Bd3 Qc7 7. a3 c4 8. Bc2 f6 9. Bf4 0-0-0 10. 0-0 f5 11. b3 cxb3 12. Bxb3 Na5 13. Nbd2 h6 14. h4 Ne7 15. a4 Rg8 16. c4 Nxb3 17. Qxb3 Bc6 18. c5 Ng6 19. Bh2 Be7 20. h5 Nf8 21. Nb1 g5 22. Nc3 a6 23. Nb5 axb5 24. axb5 Kd7 25. bxc6+ bxc6 26. Rfb1 Nh7 27. Qb7 Qxb7 28. Rxb7+ Ke8 29. Raa7 Rg7 30. Rc7 Nf8 31. Rxc6 Rd7 32. Rc8+ Rd8 33. Rcc7 Rd7 34. Rxd7 Nxd7 35. Nd2 Rg8 36. Kf1 Nb8 37. Nb3 Kf7 38. Na5 Rc8 39. Ra8 Rf8 40. Ke2 Bd8 41. Nb7 Nc6 42. Ra4 Bc7 43. Nd6+ Ke7 44. f4 Rb8 45. fxg5 hxg5 46. Bg1 Rh8 47. Be3 f4 48. Bd2 Rxh5 49. Kf3 Rh1 50. Bc3 Rd1 51. Kg4 Rg1 52. Ra2 Kd7 53. Nf7 Bd8 54. Rf2 Rc1 55. Bb2 Rd1 56. Nxd8 Kxd8 57. Kxg5 Nxd4 58. Rxf4 Nc6 59. Kf6 Kd7 60. g4 Rb1 61. Bc3 Rb8 62. Kg7 Ne7 63. Rf8 Rb3 64. Ba5 Rg3 65. Rd8+ Kc6 66. Kf6 Kb5 67. Kxe7 Kxa5 68. Kxe6 Rxg4 69. Kxd5 Rg1 70. Kc6 Re1 71. Rd5 Ka6 72. Kd6 Kb5 73. e6 Re2 74. c6+ Kb6 75. Kd7 1-0

[Event "ROM-ch U20 Girls"]
[Site "Calimanesti"]
[Date "2015.03.30"]
[Round "1"]
[White "Morea, Georgiana Steluta"]
[Black "Serbanescu, Diana Maria"]
[Result "1/2-1/2"]
[WhiteElo "1878"]
[BlackElo "2013"]
[PlyCount "141"]
[EventDate "2015.03.30"]
[EventType "tourn"]
[EventRounds "10"]
[EventCountry "ROU"]
[SourceTitle "CBM 165 Extra"]
[Source "ChessBase"]
[SourceDate "2015.04.21"]
[SourceVersion "1"]
[SourceVersionDate "2015.04.21"]
[SourceQuality "1"]

1. d4 Nf6 2. Nf3 g6 3. Bf4 d6 4. e3 Bg7 5. h3 0-0 6. Be2 c5 7. c3 Qb6 8. Qc1 Nc6 9. Nbd2 cxd4 10. exd4 Bf5 11. Nc4 Qd8 12. 0-0 Rc8 13. Ne3 Be4 14. Qd1 Nd5 15. Nxd5 Bxd5 16. Qd2 Re8 17. Bh6 e5 18. Bxg7 Kxg7 19. dxe5 dxe5 20. Rfd1 Be6 21. Qe3 Qc7 22. Bb5 f6 23. h4 h5 24. Rd2 Rcd8 25. a3 Rxd2 26. Nxd2 a6 27. Ba4 b5 28. Bc2 Ne7 29. Ne4 Bf5 30. Bb3 Qc6 31. Ng3 Bc8 32. Rd1 Bb7 33. f3 Qc7 34. Qd3 Bc8 35. Kh1 Nc6 36. Qd6 Qxd6 37. Rxd6 Nb8 38. Ne4 f5 39. Ng5 Nd7 40. Bf7 Rh8 41. Rxg6+ Kf8 42. Rc6 Ke7 43. Be6 Rf8 44. Ba2 Nf6 45. c4 Rd8 46. cxb5 axb5 47. Rc5 e4 48. fxe4 Rd1+ 49. Kh2 f4 50. g3 Ng4+ 51. Kg2 Rd2+ 52. Kg1 Rd1+ 53. Kg2 Ne3+ 54. Kf3 Rf1+ 55. Ke2 Bg4+ 56. Kd2 Rd1+ 57. Kc3 Rc1+ 58. Kd4 Rxc5 59. gxf4 Rc2 60. Kxe3 Rxb2 61. Bd5 Rh2 62. Kd4 Rxh4 63. Ke5 Rh2 64. f5 Rf2 65. Nh7 h4 66. f6+ Kd8 67. f7 Ke7 68. f8Q+ Rxf8 69. Nxf8 Kxf8 70. Kf4 Bd7 71. e5 1/2-1/2

[Event "EU-ch U18 Girls 23rd"]
[Site "Budva"]
[Date "2013.10.08"]
[Round "9"]
[White "Morea, Georgiana Steluta"]
[Black "Cazacu, Gabriela"]
[Result "0-1"]
[WhiteElo "1902"]
[BlackElo "1876"]
[PlyCount "140"]
[EventDate "2013.09.29"]
[EventType "swiss"]
[EventRounds "9"]
[EventCountry "MNE"]
[SourceTitle "CBM 156 Extra"]
[Source "ChessBase"]
[SourceDate "2013.10.22"]
[SourceVersion "1"]
[SourceVersionDate "2013.10.22"]
[SourceQuality "1"]

1. d4 Nf6 2. Nf3 c5 3. d5 b5 4. Bg5 Qb6 5. e3 d6 6. Be2 Nbd7 7. 0-0 g6 8. Nbd2 Bg7 9. c4 b4 10. Qc2 0-0 11. e4 a5 12. a3 Ba6 13. axb4 Qxb4 14. Ra4 Qb6 15. Rfa1 Bb7 16. R4a3 Rfb8 17. Nb3 Bc8 18. Bd3 h6 19. Bd2 Ng4 20. Rxa5 Rxa5 21. Bxa5 Qb7 22. Bc3 Bxc3 23. Qxc3 Nge5 24. Nxe5 Nxe5 25. Bc2 Kh7 26. Ra2 Qb4 27. Nd2 Qxc3 28. bxc3 g5 29. f3 Kg7 30. Kf2 Kf6 31. g3 h5 32. Ke2 Bh3 33. Kd1 Rg8 34. Ke2 Bd7 35. Kf1 h4 36. g4 Rb8 37. Ke2 Rg8 38. Kd1 Ng6 39. Ra7 Rd8 40. Ke2 Ne5 41. Ke3 Bxg4 42. fxg4 Nxg4+ 43. Ke2 Nxh2 44. e5+ Kxe5 45. Rxe7+ Kf6 46. Re3 Kg7 47. Bf5 Kf6 48. Bd3 Kg7 49. Bf5 Kf6 50. Bc2 Kg7 51. Bd3 Ng4 52. Rf3 Ne5 53. Rf5 Nxd3 54. Kxd3 Kg6 55. Rf1 f5 56. Nf3 Kh5 57. Nd2 Kg6 58. Nf3 h3 59. Rg1 g4 60. Nh4+ Kg5 61. Nf3+ Kh5 62. Nh2 Re8 63. Nf1 Kh4 64. Ne3 Re5 65. Kd2 g3 66. Ra1 f4 67. Nc2 h2 68. Rf1 Kg4 69. Ne1 Rxe1 70. Rxe1 g2 0-1

[Event "EU-ch U18 Girls 23rd"]
[Site "Budva"]
[Date "2013.10.07"]
[Round "8"]
[White "Serebryakova, Svetlana"]
[Black "Morea, Georgiana Steluta"]
[Result "0-1"]
[WhiteElo "1626"]
[BlackElo "1902"]
[PlyCount "80"]
[EventDate "2013.09.29"]
[EventType "swiss"]
[EventRounds "9"]
[EventCountry "MNE"]
[SourceTitle "CBM 156 Extra"]
[Source "ChessBase"]
[SourceDate "2013.10.22"]
[SourceVersion "1"]
[SourceVersionDate "2013.10.22"]
[SourceQuality "1"]

1. e4 c5 2. Nf3 e6 3. d4 cxd4 4. Nxd4 Nc6 5. Nxc6 bxc6 6. Bd3 Nf6 7. 0-0 Qc7 8. f4 d5 9. e5 Nd7 10. Qe1 Nc5 11. Be2 Ne4 12. Kh1 Qb6 13. Nd2 Nxd2 14. Qxd2 Be7 15. Rf3 c5 16. Rg3 g6 17. c4 Bb7 18. cxd5 Bxd5 19. Qc2 0-0 20. Bd3 Qb7 21. Be3 c4 22. Bxc4 Bxc4 23. Qxc4 Qxb2 24. Bd4 Qd2 25. Bc3 Qc2 26. Qd3 Qa4 27. Qe3 Rfd8 28. Rf3 Rac8 29. Qe2 Rd7 30. h3 Rdc7 31. Qe1 Rc4 32. f5 Re4 33. Qb1 exf5 34. Qb7 Re8 35. Rd3 Bb4 36. e6 R8xe6 37. Rd8+ Bf8 38. Rad1 Re8 39. R8d7 R4e7 40. Qc7 Qxd1+ 0-1

[Event "EU-ch U18 Girls 23rd"]
[Site "Budva"]
[Date "2013.10.01"]
[Round "3"]
[White "Navrotescu, Andreea Cristiana"]
[Black "Morea, Georgiana Steluta"]
[Result "1/2-1/2"]
[WhiteElo "2140"]
[BlackElo "1902"]
[PlyCount "155"]
[EventDate "2013.09.29"]
[EventType "swiss"]
[EventRounds "9"]
[EventCountry "MNE"]
[SourceTitle "CBM 156 Extra"]
[Source "ChessBase"]
[SourceDate "2013.10.22"]
[SourceVersion "1"]
[SourceVersionDate "2013.10.22"]
[SourceQuality "1"]

1. c4 Nf6 2. g3 e6 3. Bg2 c5 4. Nf3 Nc6 5. Nc3 Be7 6. 0-0 0-0 7. d4 cxd4 8. Nxd4 a6 9. e4 Qc7 10. Nxc6 dxc6 11. f4 e5 12. f5 b5 13. Qe2 Bc5+ 14. Kh1 Ne8 15. a4 b4 16. Nd1 a5 17. b3 Bd4 18. Ra2 f6 19. g4 Qf7 20. h4 Bd7 21. Bf3 Nc7 22. Be3 c5 23. Bc1 Bc6 24. Ne3 Ne8 25. Nd5 Bxd5 26. exd5 Nd6 27. Qh2 Qe7 28. Rg2 Ra7 29. Be2 Ne4 30. g5 Ra6 31. Bd3 Nd6 32. gxf6 Qxf6 33. Bg5 Qf7 34. Rg4 Ne8 35. Qg2 Nf6 36. Rg3 Kh8 37. Be4 Rd6 38. Qf3 Rd7 39. Kh2 Re8 40. Kh1 Rf8 41. Rh3 Rd6 42. h5 h6 43. Bd2 Nxe4 44. Qxe4 Rf6 45. Rhf3 Qxh5+ 46. Kg2 Qf7 47. Qh4 Rg8 48. Qg4 Qd7 49. Qe4 Rf7 50. Be1 Qd6 51. Bh4 g5 52. fxg6 Rxg6+ 53. Kh1 Rfg7 54. Rf6 Qd7 55. Rf8+ Kh7 56. Kh2 Qg4 57. Qxg4 Rxg4 58. Kh3 e4 59. R8f7 e3 60. d6 e2 61. Rxg7+ Rxg7 62. Re1 Rd7 63. Bg3 Kg6 64. Rxe2 Bf6 65. Rd2 Bd4 66. Re2 Bf6 67. Kg4 h5+ 68. Kf3 Kf5 69. Rh2 h4 70. Bxh4 Rxd6 71. Bxf6 Rxf6 72. Rh8 Ke5+ 73. Ke3 Rg6 74. Rh5+ Kd6 75. Rd5+ Kc6 76. Rd3 Rg3+ 77. Ke4 Rxd3 78. Kxd3 1/2-1/2

[Event "ROM-chT (Women)"]
[Site "Mamaia"]
[Date "2013.09.02"]
[Round "3.4"]
[White "Firaru, Roxana Maria"]
[Black "Morea, Georgiana Steluta"]
[Result "0-1"]
[WhiteElo "1684"]
[BlackElo "1881"]
[PlyCount "110"]
[EventDate "2013.08.31"]
[EventType "team-tourn"]
[EventRounds "9"]
[EventCountry "ROU"]
[SourceTitle "CBM 156 Extra"]
[Source "ChessBase"]
[SourceDate "2013.10.22"]
[SourceVersion "1"]
[SourceVersionDate "2013.10.22"]
[SourceQuality "1"]
[WhiteTeam "Arad (W)"]
[BlackTeam "Bucharest CSM (W)"]
[WhiteTeamCountry "ROU"]
[BlackTeamCountry "ROU"]

1. e4 c5 2. Nf3 e6 3. d4 cxd4 4. Nxd4 Nc6 5. Nc3 Qc7 6. Be3 a6 7. Be2 Nf6 8. 0-0 Bb4 9. f3 Bxc3 10. bxc3 0-0 11. Bg5 d6 12. Bxf6 gxf6 13. Qd2 Kg7 14. f4 Rg8 15. Kh1 Bd7 16. Rad1 Rad8 17. Rf3 Kf8 18. f5 e5 19. Nb3 Bc8 20. Rh3 Rh8 21. Bh5 Ke7 22. Rg3 Rdg8 23. Rxg8 Rxg8 24. Qh6 Qd8 25. Nd2 b5 26. Nf1 Qf8 27. Qxf8+ Rxf8 28. Ne3 Bb7 29. Nd5+ Kd7 30. Nxf6+ Kc7 31. Nxh7 Rh8 32. Nf6 Nd8 33. Bf3 Rh6 34. Nd5+ Kd7 35. g4 f6 36. Kg2 Nf7 37. Kg3 Ng5 38. Bg2 Bxd5 39. exd5 Kc7 40. h4 Nf7 41. Bf1 Rh8 42. c4 b4 43. c5 dxc5 44. Bxa6 Kd6 45. Bc4 Rg8 46. Kf3 Nh6 47. Rg1 Nxf5 48. Bd3 Nxh4+ 49. Kg3 Ng6 50. Be4 Nf4 51. Rh1 Ne2+ 52. Kf2 Nc3 53. Bf3 e4 54. Be2 Nxe2 55. Kxe2 Rxg4 0-1

[Event "World Amateur-ch"]
[Site "Iasi"]
[Date "2013.04.29"]
[Round "8"]
[White "Nastasa, Robert Radu"]
[Black "Morea, Georgiana Steluta"]
[Result "1-0"]
[WhiteElo "1920"]
[BlackElo "1883"]
[PlyCount "62"]
[EventDate "2013.04.22"]
[EventType "swiss"]
[EventRounds "9"]
[EventCountry "ROU"]
[SourceTitle "CBM 154 Extra"]
[Source "ChessBase"]
[SourceDate "2013.06.25"]
[SourceVersion "2"]
[SourceVersionDate "2013.06.25"]
[SourceQuality "1"]

1. e4 c5 2. Nc3 g6 3. f4 Bg7 4. Nf3 a6 5. a4 Nc6 6. Bc4 d6 7. 0-0 e6 8. d3 Nge7 9. Qe1 0-0 10. Qh4 Nd4 11. Nxd4 Bxd4+ 12. Kh1 Nc6 13. Qg3 Bg7 14. Be3 Rb8 15. Rab1 Bd7 16. f5 Ne5 17. fxe6 fxe6 18. Bb3 Nf7 19. Rf2 Qe7 20. Rbf1 b5 21. axb5 axb5 22. h4 Rbc8 23. Bf4 Bf6 24. Qf3 Bxh4 25. g3 Bg5 26. Qg4 Bf6 27. Be3 Ne5 28. Qh3 Bg7 29. Nd5 Rxf2 30. Rxf2 Rf8 31. Rxf8+ Qxf8 1-0

[Event "ROM-ch U18 Girls"]
[Site "Calimanesti"]
[Date "2013.04.08"]
[Round "9"]
[White "Morea, Georgiana Steluta"]
[Black "Oana, Amalia Ioana"]
[Result "1-0"]
[WhiteElo "1883"]
[BlackElo "1509"]
[PlyCount "71"]
[EventDate "2013.04.02"]
[EventType "swiss"]
[EventRounds "9"]
[EventCountry "ROU"]
[SourceTitle "CBM 153 Extra"]
[Source "ChessBase"]
[SourceDate "2013.04.22"]
[SourceVersion "1"]
[SourceVersionDate "2013.04.22"]
[SourceQuality "1"]

1. d4 Nf6 2. c4 g6 3. Nf3 Bg7 4. g3 d5 5. cxd5 Nxd5 6. e4 Nb6 7. Bg2 0-0 8. 0-0 Nc6 9. d5 Ne5 10. Nxe5 Bxe5 11. Nc3 e6 12. Qb3 exd5 13. exd5 a6 14. Be3 Bf5 15. Rad1 Qd6 16. Ne4 Bxe4 17. Bxe4 Rfd8 18. Rd2 Rab8 19. Rc1 Nc8 20. Bg2 Qe7 21. Re1 Qd7 22. Bg5 Re8 23. Rde2 Qd6 24. Kh1 f6 25. Bd2 Ne7 26. Bb4 Qb6 27. d6+ Kg7 28. dxe7 a5 29. Bc3 Qxb3 30. axb3 Rxe7 31. Bxe5 fxe5 32. Rxe5 Rxe5 33. Rxe5 c6 34. Re7+ Kf8 35. Rxh7 Rc8 36. Rh8+ 1-0

[Event "ROM-ch (Women)"]
[Site "Baile Olanesti"]
[Date "2013.02.16"]
[Round "1"]
[White "Foisor, Cristina Adela B"]
[Black "Morea, Georgiana Steluta"]
[Result "1-0"]
[WhiteElo "2389"]
[BlackElo "1870"]
[PlyCount "80"]
[EventDate "2013.02.16"]
[EventType "swiss"]
[EventRounds "9"]
[EventCountry "ROU"]
[SourceTitle "CBM 153 Extra"]
[Source "ChessBase"]
[SourceDate "2013.04.22"]
[SourceVersion "1"]
[SourceVersionDate "2013.04.22"]
[SourceQuality "1"]

1. d4 d5 2. Nf3 Nf6 3. Bf4 Bf5 4. c3 c6 5. Nbd2 e6 6. h3 h6 7. g4 Bh7 8. Bg2 Nbd7 9. Qb3 Qb6 10. 0-0 Be7 11. c4 0-0 12. c5 Qxb3 13. axb3 Ne4 14. b4 Nxd2 15. Nxd2 Bf6 16. Bd6 Rfe8 17. Nb3 e5 18. dxe5 Bxe5 19. Bxe5 Rxe5 20. Nd4 a6 21. Ra3 Rae8 22. f4 Re3 23. f5 g6 24. Kf2 R3e5 25. Rg3 Nf6 26. Ke1 Ne4 27. fxg6 Bxg6 28. Re3 Kg7 29. Rf4 Ng5 30. Rxe5 Rxe5 31. Kd2 Ne6 32. Nxe6+ Rxe6 33. h4 f6 34. e3 Re5 35. Bf1 Re4 36. Bh3 Re5 37. Bg2 Re7 38. Rd4 f5 39. Bh3 Kf6 40. Rf4 Re4 1-0

[Event "Arad op"]
[Site "Arad"]
[Date "2012.07.31"]
[Round "6"]
[White "Siclovan, Cristian Daniel"]
[Black "Morea, Georgiana Steluta"]
[Result "1-0"]
[WhiteElo "2196"]
[BlackElo "1912"]
[PlyCount "85"]
[EventDate "2012.07.27"]
[EventType "swiss"]
[EventRounds "9"]
[EventCountry "ROU"]
[SourceTitle "CBM 149 Extra"]
[Source "ChessBase"]
[SourceDate "2012.08.24"]
[SourceVersion "1"]
[SourceVersionDate "2012.08.24"]
[SourceQuality "1"]

1. e4 c5 2. c3 e6 3. d4 d5 4. exd5 exd5 5. Be3 cxd4 6. Bxd4 Nc6 7. Nf3 Bg4 8. Be2 Nge7 9. Na3 Nf5 10. Nc2 Be7 11. Qd3 Bxf3 12. Bxf3 Nfxd4 13. Nxd4 Ne5 14. Qb5+ Qd7 15. Qxd7+ Kxd7 16. 0-0-0 Nxf3 17. Nxf3 Kd6 18. c4 Rac8 19. Rxd5+ Kc7 20. b3 Bf6 21. Rhd1 Rhd8 22. Rxd8 Rxd8 23. Rxd8 Kxd8 24. Kd2 Kd7 25. Kd3 Kd6 26. b4 b6 27. Nd2 Kc6 28. Nb3 Be7 29. a3 g6 30. Nd4+ Kb7 31. Ke4 a6 32. Kd5 Kc7 33. c5 b5 34. Nc6 Bg5 35. Ne5 Bc1 36. Nd3 Bg5 37. f4 Bh6 38. g3 Bg7 39. c6 Bc3 40. Nc5 a5 41. Na6+ Kc8 42. Kc5 axb4 43. axb4 1-0